<?xml version="1.0" encoding="UTF-8"?>
<collection xmlns="http://www.loc.gov/MARC21/slim">
 <record>
  <leader>01805cam a2200361 7i4500</leader>
  <controlfield tag="001">0000096383</controlfield>
  <controlfield tag="005">20140415090000.0</controlfield>
  <controlfield tag="008">110810s2007    vau     v           eng   </controlfield>
  <datafield tag="090" ind1="0" ind2="0">
   <subfield code="a">TF 610 </subfield>
   <subfield code="b">.W6 2007</subfield>
  </datafield>
  <datafield tag="245" ind1="0" ind2="0">
   <subfield code="a">Working safely around railcars on the waterfront : </subfield>
   <subfield code="b">every choice counts.</subfield>
  </datafield>
  <datafield tag="246" ind1="0" ind2="3">
   <subfield code="a">Trabajando con seguridad alrededor de vagones en los muelles : cada eleccioþn cuenta.</subfield>
  </datafield>
  <datafield tag="246" ind1="0" ind2="3">
   <subfield code="a">Trabalhando com segurancıa perto de vago.</subfield>
  </datafield>
  <datafield tag="260" ind1="#" ind2="#">
   <subfield code="a">[Virginia Beach, Va.]: </subfield>
   <subfield code="b">Coastal Safety + Environmental, </subfield>
   <subfield code="c">2007.</subfield>
  </datafield>
  <datafield tag="300" ind1="#" ind2="#">
   <subfield code="a">1 videodisc: </subfield>
   <subfield code="b">sd., col.; </subfield>
   <subfield code="c">4 3/4 in..</subfield>
  </datafield>
  <datafield tag="500" ind1="#" ind2="#">
   <subfield code="a">On disc surface: MRT006-DVD-ESP-IX00</subfield>
  </datafield>
  <datafield tag="520" ind1="0" ind2="#">
   <subfield code="a">Through this course, formulate an effective terminal plan, so that your workers can understand safe and detailed railcar procedures.</subfield>
  </datafield>
  <datafield tag="546" ind1="0" ind2="0">
   <subfield code="a">English, Spanish, Portuguese, and international English</subfield>
  </datafield>
  <datafield tag="590" ind1="#" ind2="#">
   <subfield code="a">Pusat Pengajian Kejuruteraan Kelautan</subfield>
  </datafield>
  <datafield tag="650" ind1="0" ind2="0">
   <subfield code="a">Stevedores -- </subfield>
   <subfield code="x">Training of. </subfield>
  </datafield>
  <datafield tag="650" ind1="0" ind2="0">
   <subfield code="a">Waterfronts -- </subfield>
   <subfield code="x">Safety measures </subfield>
  </datafield>
  <datafield tag="650" ind1="0" ind2="0">
   <subfield code="a">Railroad cars -- </subfield>
   <subfield code="x">Safety measures </subfield>
  </datafield>
  <datafield tag="710" ind1="2" ind2="1">
   <subfield code="a">Coastal Training Technologies Corp. </subfield>
  </datafield>
  <datafield tag="999" ind1=" " ind2=" ">
   <subfield code="a">1100083670</subfield>
   <subfield code="b">Book</subfield>
   <subfield code="c">Open Shelf</subfield>
   <subfield code="e">BILIK BAHAN SUMBER MEDIA</subfield>
  </datafield>
  <datafield tag="999" ind1=" " ind2=" ">
   <subfield code="a">1100083669</subfield>
   <subfield code="b">Book</subfield>
   <subfield code="c">Open Shelf</subfield>
   <subfield code="e">KOLEKSI TERBUKA</subfield>
  </datafield>
  <datafield tag="999" ind1=" " ind2=" ">
   <subfield code="a">1100083668</subfield>
   <subfield code="b">Book</subfield>
   <subfield code="c">Open Shelf</subfield>
   <subfield code="e">KOLEKSI TERBUKA</subfield>
  </datafield>
  <datafield tag="999" ind1=" " ind2=" ">
   <subfield code="a">1100083667</subfield>
   <subfield code="b">Book</subfield>
   <subfield code="c">Open Shelf</subfield>
   <subfield code="e">KOLEKSI TERBUKA</subfield>
  </datafield>
  <datafield tag="999" ind1=" " ind2=" ">
   <subfield code="a">1100083665</subfield>
   <subfield code="b">Book</subfield>
   <subfield code="c">Open Shelf</subfield>
   <subfield code="e">KOLEKSI TERBUKA</subfield>
  </datafield>
  <datafield tag="999" ind1=" " ind2=" ">
   <subfield code="a">1100083664</subfield>
   <subfield code="b">Book</subfield>
   <subfield code="c">Open Shelf</subfield>
   <subfield code="e">KOLEKSI TERBUKA</subfield>
  </datafield>
  <datafield tag="999" ind1=" " ind2=" ">
   <subfield code="a">1100083663</subfield>
   <subfield code="b">Book</subfield>
   <subfield code="c">Open Shelf</subfield>
   <subfield code="e">KOLEKSI TERBUKA</subfield>
  </datafield>
  <datafield tag="999" ind1=" " ind2=" ">
   <subfield code="a">1100083661</subfield>
   <subfield code="b">Book</subfield>
   <subfield code="c">Open Shelf</subfield>
   <subfield code="e">KOLEKSI TERBUKA</subfield>
  </datafield>
  <datafield tag="999" ind1=" " ind2=" ">
   <subfield code="a">1100083662</subfield>
   <subfield code="b">Book</subfield>
   <subfield code="c">Open Shelf</subfield>
   <subfield code="e">KOLEKSI TERBUKA</subfield>
  </datafield>
  <datafield tag="999" ind1=" " ind2=" ">
   <subfield code="a">1100083666</subfield>
   <subfield code="b">Book</subfield>
   <subfield code="c">Open Shelf</subfield>
   <subfield code="e">KOLEKSI TERBUKA</subfield>
  </datafield>
  <datafield tag="999" ind1=" " ind2=" ">
   <subfield code="a">1100083671</subfield>
   <subfield code="b">Digital Video Disc</subfield>
   <subfield code="c">Bahan Sumber Media</subfield>
   <subfield code="e">BILIK BAHAN SUMBER MEDIA</subfield>
  </datafield>
 </record>
</collection>
